| 000 | 00547nam a2200193 a 4500 | ||
|---|---|---|---|
| 005 | 20140310183456.0 | ||
| 008 | 091116s19uu xx 00 eng d | ||
| 020 | _a9715552374 | ||
| 050 |
_aDS 686.4 _b.B57 1998 |
||
| 100 | _aBisa, Simplicio P. | ||
| 245 |
_aLagablab : _bmga alaala ng Digma / |
||
| 260 |
_aManila, Philippines : _bDe La Salle University Press, _c1998. |
||
| 300 |
_a231 p. : _c22 cm. |
||
| 650 |
_aShort stories _xPhilippines (Tagalog). |
||
| 650 | _aTales. | ||
| 942 |
_cBK _2lcc _kFLIR |
||
| 999 |
_c23639 _d23639 |
||